00458nam a22001337a 4500003000500000082000800005100001900013245009500032264003700127300003100164650003600195700003600231856005700267NUST a621 aJaffar ,Farwa  aEstimation of Drag Coefficients of Vehicle Platoons using Machine Learning /cFarwa Jaffar aIslamabad: bSMME- NUST. c2020. a50p. ;bSoft Copy, c30cm. aMS Mechanical Engineering  aSupervisor : Dr. Muhammad Sajid uhttp://10.250.8.41:8080/xmlui/handle/123456789/25860